000 00600nam a2200229Ia 4500
003 OSt
005 20220926045916.0
006 a|||||r|||| 00| 0
007 ta
008 220923b |||||||| |||| 00| 0 eng d
037 _cGeneral Book
040 _aRTL
_cRTL
_beng
041 _2eng
_aeng
082 _aX:310j89P, K1/TD3
100 _aStone Richard
_9128858
245 0 _aInput-output and national accounts
260 _c1961
300 _a202p.
_ccm.
650 _aNational Income
942 _hX:310j89P, K1/TD3
_cGB
_2CC
999 _c678998
_d678998